Makroekonomika sbornik zadač i upražnenij

Uložené v:
Podrobná bibliografia
Korporativný autor: Vysšaja Škola Ekonomiki. Nacijonaľnyj Issledovateľskij Universitet
Ďalší autori: Seregina, Svetlana Fedorovna
Médium: Kniha
Jazyk:Russian
Vydavateľské údaje: Moskva JURAJT 2014
Edícia:Serija: Učebniki
Predmet:
Tagy: Pridať tag
Žiadne tagy, Buďte prvý, kto otaguje tento záznam!

MARC

LEADER 00000nam a2200000 4500
001 0194215
005 20240318120319.0
020 |a 978-5-9916-3483-0 
041 0 |a rus 
044 |a RU 
245 1 0 |a Makroekonomika  |b sbornik zadač i upražnenij  |c pod redakcijej: S.F. Sereginoj 
264 1 |a Moskva  |b JURAJT  |c 2014 
300 |a 154 s. 
490 1 |a Serija: Učebniki 
830 0 |a Serija: Učebniki 
610 2 0 |a makroekonomika 
610 2 0 |a činnosť hospodárska 
610 2 0 |a meranie 
610 2 0 |a trh tovarový 
610 2 0 |a trh peňažný 
610 2 0 |a rozpočty 
610 2 0 |a modely 
610 2 0 |a rast hospodársky 
610 2 0 |a cykly obchodné 
610 2 0 |a inflácia 
610 2 0 |a nezamestnanosť 
610 2 0 |a hospodárstvo otvorené 
610 2 0 |a bilancia platobná 
610 2 0 |a kurz devízový 
700 1 |a Seregina, Svetlana Fedorovna 
710 2 |a Vysšaja Škola Ekonomiki. Nacijonaľnyj Issledovateľskij Universitet